Ligne 7bis du Métro Parisien - Statistiques

Statistiques générales
  • Ce quiz a été pris 661 fois
  • Le résultat moyen est 7 sur 8
Statistiques - réponses
n gares correspondances % Correct
1 Louis Blanc M 7
93%
2 Jaurès M 2 5
92%
6 (vers périphérique) Place des Fêtes M 11
87%
4 Buttes Chaumont
83%
5 Botzaris
76%
8 Pré-Saint-Gervais T 3b
76%
3 Bolivar
75%
7 (vers centre) Danube
74%
Aucun quiz correspondant
Distribution des résultats
% des personnes avec chaque résultat
Percentile par nombre de réponses
Votre historique - résultats
Vous n’avez pas pris ce quiz